Plumbing (Record no. 109292)
[ view plain ]
| 000 -LEADER | |
|---|---|
| fixed length control field | 01120cam a22002535a 4500 |
| 001 - CONTROL NUMBER | |
| control field | L146788 |
| 008 - FIXED-LENGTH DATA ELEMENTS--GENERAL INFORMATION | |
| fixed length control field | 090226s2006 xxkdo f s 000 0 eng d |
| 020 ## - INTERNATIONAL STANDARD BOOK NUMBER | |
| International Standard Book Number | 9781405139625 |
| 035 ## - SYSTEM CONTROL NUMBER | |
| System control number | (Sirsi) u146788 |
| 041 0# - LANGUAGE CODE | |
| Language code of text/sound track or separate title | eng |
| 050 04 - LIBRARY OF CONGRESS CALL NUMBER | |
| Classification number | 696.1 $2 18 |
| 100 1# - MAIN ENTRY--PERSONAL NAME | |
| Personal name | Treloar, R. D. |
| 245 00 - TITLE STATEMENT | |
| Title | Plumbing |
| 250 ## - EDITION STATEMENT | |
| Edition statement | 3rd ed. |
| 260 ## - PUBLICATION, DISTRIBUTION, ETC. | |
| Place of publication, distribution, etc. | Oxford |
| Name of publisher, distributor, etc. | Blackwell Publishing |
| Date of publication, distribution, etc. | 2006 |
| 300 ## - PHYSICAL DESCRIPTION | |
| Extent | xvi, 448p. |
| Other physical details | ill. |
| Dimensions | 25cm. |
| 505 2# - FORMATTED CONTENTS NOTE | |
| Formatted contents note | Key principles, safety and common plumbing processes --Hot and cold water supplies -- Central heating -- Gas supplies -- Oil supplies -- Electrical work -- Sanitation -- Drainage -- Sheet weathering -- Assessing your knowledge |
| 520 ## - SUMMARY, ETC. | |
| Summary, etc. | Detailed text book covers plumbing, heating and gas installation and would be well suited for those on plumbing courses, or practitioners. Subjects are handled in concise sections with instructions, illustrations and photographs where appropriate. Also includes self-assessment and problem solving sections. |
| 521 ## - TARGET AUDIENCE NOTE | |
| Target audience note | Advanced |
| 590 ## - LOCAL NOTE (RLIN) | |
| Local note | KA |
| 651 #4 - SUBJECT ADDED ENTRY--GEOGRAPHIC NAME | |
| Geographic name | England and Wales |
| Chronological subdivision | 1543- |
| 690 ## - LOCAL SUBJECT ADDED ENTRY--TOPICAL TERM (OCLC, RLIN) | |
| Topical term or geographic name as entry element | Block management |
| 9 (RLIN) | 6220 |
| 942 ## - ADDED ENTRY ELEMENTS (KOHA) | |
| Suppress in OPAC | 0 |
| Withdrawn status | Lost status | Source of classification or shelving scheme | Damaged status | Not for loan | Home library | Current library | Shelving location | Date acquired | Total Checkouts | Full call number | Barcode | Date last seen | Date last checked out | Copy number | Price effective from | Koha item type |
|---|---|---|---|---|---|---|---|---|---|---|---|---|---|---|---|---|
| Dewey Decimal Classification | London | London | Books | 26/02/2009 | 2 | 696.1 TRE | 30075355 | 06/08/2019 | 14/12/2010 | 1 | 06/08/2019 | Book |